000 01217cam a22002653a 4500
001 573
003 PGUSA
005 20140828082950.0
008 960601s1996||||xxu|||||s|||||000 | eng d
040 _aPGUSA
_beng
042 _adc
050 4 _aPZ
050 4 _aPR
100 1 _aLamb, Mary,
_d1764-1847
245 1 0 _aTales from Shakespeare
_h[electronic resource] /
_cMary Lamb
260 _bProject Gutenberg,
_c1996
505 0 _aThe tempest -- A midsummer night's dream -- The winter's tale -- Much ado about nothing -- As you like it -- The two gentlemen of Verona -- The merchant of Venice -- Cymbeline -- King Lear -- Macbeth -- All's well that ends well -- The taming of the shrew -- The comedy of errors -- Measure for measure -- Twelfth night; or, what you will -- Timon of Athens -- Romeo and Juliet -- Hamlet, Prince of Denmark -- Othello -- Pericles, Prince of Tyre.
506 _aPublic domain in the USA.
516 _aElectronic text
653 _aShakespeare, William, 1564-1616 -- Stories, plots, etc. -- Juvenile literature
653 _aShakespeare, William, 1564-1616 -- Adaptations
830 0 _aProject Gutenberg
_v573
856 4 0 _uhttp://www.gutenberg.org/ebooks/573
942 _cEB
999 _c229924
_d229924